Responses for Show #2116 - Monday, November 15, 1993

1993 Tournament of Champions quarterfinal game 1.

Contestants

[<< previous game]

Marilyn Kneeland, a retired teacher and Seniors Tournament winner from San Diego, California

Dennis Donohue, an administrative services officer from Litchfield Park, Arizona

Bev Schwartzberg, a teacher originally from Amherst, Massachusetts

[next game >>]

Jeopardy! Round responses

BODIES OF WATER
(Alex: There's our tribute!)
THE MOVIES
AMERICANA
BORN & DIED
ABBREVIATIONS
ODDS & ENDS
    $100 1
Scotland

Marilyn
    $100 2
Hook

Dennis
    $100 11
San Juan Capistrano

Dennis
    $100 16
Mohandas Gandhi

Marilyn
    $100 21
Prefix & suffix

Bev
    $100 26
Kangaroo meat

Dennis
    $200 3
(Dennis: What's the English Channel?)
(Bev: What's the Strait of Gibraltar?)
...
(Alex: Body of water that is connected to the English Channel--[*].)

the Strait of Dover

BevDennis
Triple Stumper
    $200 5
It's a Wonderful Life

Marilyn
    $200 12
Shoes/boots

Dennis
    $200 17
Captain William Bligh

Triple Stumper
    $200 22
Monsieur

Bev
    $200 27
Toucan

Bev
    $300 4
the Rhine

Marilyn
    $300 6
Havana

Bev
    $900 13
Capitol Hill

Dennis
    $300 18
Davy Crockett

Marilyn
    $300 23
upper case

Bev
    $300 28
Boardwalk

Dennis
    $400 9
the Yellow

Dennis
    $400 7
(Charles) Bronson

Dennis
    $400 14
Arizona

Dennis
    $400 19
George Custer

Dennis
    $400 24
Lamentations

Bev
    $400 29
Paris

Dennis
    $500 10
the Bay of Biscay

Dennis
    $500 8
Stand By Me

Bev
    $500 15
Jackalope

Marilyn
    $500 20
Albert Einstein

Dennis
    $500 25
Please Turn Over

Triple Stumper
    $500 30
Totem pole

Bev

Scores at the first commercial break (after clue 15):

Bev Dennis Marilyn
$600 $2,800 $1,100

Scores at the end of the Jeopardy! Round:

Bev Dennis Marilyn
$2,300 $4,500 $1,500

Double Jeopardy! Round responses

HISTORY
MYTHOLOGICAL OPERAS
WEATHER
MONEY
WORLD FACTS
LITERATURE
    $200 2
Peter the Great

Dennis
    $200 1
Trojan War

Bev
    $200 21
Antarctica

Bev
    $200 26
Ruble

Dennis
    $200 16
Peru

Bev
    $200 11
Arthur Conan Doyle

Marilyn
    $400 3
Holy Roman Empire

Marilyn
    $400 4
Aeneas

Dennis
    $400 22
Tornado

Bev
    $400 27
Drachma

Dennis
    $400 17
(D: What is Liechtenstein?)

Luxembourg

DennisMarilyn
    $400 12
War of the Worlds

Marilyn
    $600 5
Roald Amundsen

Bev
    $600 7
Siegfried

Bev
    $600 23
Jet Stream

Dennis
    $600 28
Zaire

Dennis
    $600 18
Yucatan Peninsula

Dennis
    $600 13
Buck

Bev
    $800 6
Aristide Briand

Marilyn
    $800 9
Antigone

Marilyn
    $800 24
Silver iodide

Bev
    $1,500 29
Suriname

Dennis
    $800 19
St. Kitts

Bev
    $1,200 14
(B: What is "Kim?")

The Man Who Would Be King

Bev
    $1000 8
(B: What is the Consulate?)

The Directory

BevMarilyn
    $1000 10
Agamemnon

Marilyn
    $1000 25
Beaufort Scale

Triple Stumper
    $1000 30
Louis XVI

Bev
    $1000 20
(B: What is India?)

Thailand

BevMarilyn
    $1000 15
Pilgrim's Progress

Bev

Scores at the end of the Double Jeopardy! Round:

Bev Dennis Marilyn
$5,500 $8,600 $7,500

Final Jeopardy! Round responses

LANDMARKS
(Alex: [To Dennis] Will his daughter be able to practice doing Dennis', uh, Johnny Gilbert impressions again? Let's see.)
BevWhat is the Bridge of Sighs?
$5,400
MarilynWhat is the Bridge of Sighs?
$4,700
DennisWhat was the Bridge of Sighs?
$6,401
the Bridge of Sighs

Final scores:

Bev Dennis Marilyn
$10,900 $15,001 $12,200
3rd place: $1,000 if eliminated Automatic semifinalist 2nd place: $1,000 if eliminated

Game dynamics:

Coryat scores:

Bev Dennis Marilyn
$6,700 $7,300 $7,500
19 R,
4 W
(including 1 DD)
21 R
(including 2 DDs),
2 W
15 R,
0 W

Combined Coryat: $21,500

[game clues] [game scores] [suggest correction]

Game tape date: 1993-10-11
The J! Archive is created by fans, for fans. Scraping, republication, monetization, and malicious use prohibited; this site may use cookies and collect identifying information. See terms. The Jeopardy! game show and all elements thereof, including but not limited to copyright and trademark thereto, are the property of Jeopardy Productions, Inc. and are protected under law. This website is not affiliated with, sponsored by, or operated by Jeopardy Productions, Inc. Join the discussion at JBoard.tv.